书目信息 |
| 题名: |
新版中日交流标准日本语课文辅导
|
|
| 作者: | 马仲秋 主编 | |
| 分册: | 初级下册 | |
| 出版信息: | 北京 科学技术文献出版社 2007.07 |
|
| 页数: | 216页 | |
| 开本: | 26cm | |
| 丛书名: | ||
| 单 册: | ||
| 中图分类: | H36 | |
| 科图分类: | ||
| 主题词: | 日语--ri yu--自学参考资料 | |
| 电子资源: | ||
| ISBN: | 978-7-5023-5692-7 | |
| 000 | 01043nam0 2200241 450 | |
| 001 | 012008460610 | |
| 005 | 20080513161631.68 | |
| 010 | @a978-7-5023-5692-7@dCNY19.00 | |
| 100 | @a20080512d2007 em y0chiy0120 ea | |
| 101 | 0 | @achi@ajpn |
| 102 | @aCN@b110000 | |
| 105 | @aak z 000yy | |
| 106 | @ar | |
| 200 | 1 | @a新版中日交流标准日本语课文辅导@Axin ban zhong ri jiao liu biao zhun ri ben yu ke wen fu dao@h初级下册@f马仲秋主编@Fma zhong qiu zhu bian |
| 210 | @a北京@c科学技术文献出版社@d2007.07 | |
| 215 | @a216页@c图@d26cm | |
| 330 | @a本书就是根据日语初级学习者的需要,紧密结合教材编写的《新版中日交流标准日本语》配套辅导用书,系统地讲解了基础语法,以及众多日语知识。而且紧密结合新版教材,教材中没有出现的知识点都有比较全面的阐述,相信会成为日语初学者的首选参考书目。 | |
| 517 | 1 | @a中日交流标准日本语课文辅导@Azhong ri jiao liu biao zhun ri ben yu ke wen fu dao |
| 606 | 0 | @a日语@Ari yu@j自学参考资料 |
| 690 | @aH36@v4 | |
| 701 | 0 | @a马仲秋@Ama zhong qiu@4主编 |
| 801 | 0 | @aCN@bQSSK@c20080513 |
| 905 | @b710540-42@dH36@eM246:2@f3 | |
| 新版中日交流标准日本语课文辅导.初级下册/马仲秋主编.-北京:科学技术文献出版社,2007.07 |
| 216页:图;26cm |
| ISBN 978-7-5023-5692-7:CNY19.00 |
| 本书就是根据日语初级学习者的需要,紧密结合教材编写的《新版中日交流标准日本语》配套辅导用书,系统地讲解了基础语法,以及众多日语知识。而且紧密结合新版教材,教材中没有出现的知识点都有比较全面的阐述,相信会成为日语初学者的首选参考书目。 |
| ● |
| 相关链接 |
|
|
|
正题名:新版中日交流标准日本语课文辅导
索取号:H36/M246:2
 
预约/预借
| 序号 | 登录号 | 条形码 | 馆藏地/架位号 | 状态 | 备注 |
| 1 | 710540 | 207105407 | 语言库209/209语言库 124排1列5层/ [索取号:H36/M246:2] | 在馆 | |
| 2 | 710541 | 207105416 | 语言库209/209语言库 124排1列5层/ [索取号:H36/M246:2] | 在馆 | |
| 3 | 710542 | 207105425 | 语言库209/209语言库 55排2列5层/ [索取号:H36/M246:2] | 在馆 |